Dutch Cities 40k+ - Statistics

General Stats
  • This quiz has been taken 552 times
    31 since last reset
  • The average score is 48 of 106
Answer Stats
Population City % Correct
944k Amsterdam
100%
569k den Haag
100%
244k Groningen
100%
675k Rotterdam
100%
379k Utrecht
100%
172k Arnhem
96%
190k Breda
91%
250k Eindhoven
91%
126k Maastricht
91%
231k Tilburg
91%
113k Alkmaar
87%
233k Almere
87%
169k Haarlem
87%
134k Zwolle
87%
86k Lelystad
83%
164k Amersfoort
78%
110k Delft
78%
190k Nijmegen
78%
162k den Bosch
74%
123k Dordrecht
74%
163k Enschede
74%
130k Leeuwarden
74%
131k Leiden
74%
75k Almelo
65%
96k Amstelveen
65%
169k Apeldoorn
65%
78k Gouda
65%
52k Heerenveen
65%
50k Middelburg
65%
104k Venlo
65%
165k Zaanstad (Zaandam)
65%
71k Assen
61%
105k Deventer
61%
84k Hengelo
61%
95k Hilversum
57%
131k Zoetermeer
57%
71k Bergen op Zoom
52%
57k den Helder
52%
125k Ede
52%
110k Emmen
52%
40k Goes
52%
167k Haarlemmermeer (Hoofddorp)
52%
88k Heerlen
52%
76k Hoorn
52%
95k Oss
52%
46k Vlissingen
52%
117k Alphen aan den Rijn
48%
62k Roermond
43%
78k Roosendaal
43%
82k Schiedam
43%
56k Terneuzen
43%
46k Kerkrade
39%
92k Sittard-Geleen
39%
61k Doetinchem
35%
97k Helmond
35%
89k Nissewaard (Spijkenisse)
35%
57k Smallingerland (Drachten)
35%
90k Sudwest-Fryslan (Sneek)
35%
45k Venray
35%
57k Hoogeveen
30%
96k Purmerend
30%
77k Vlaardingen
30%
51k Weert
30%
54k Woerden
30%
67k Zeist
30%
49k Zutphen
30%
46k Dronten
26%
61k Gooise Meren (Bussum)
26%
41k Huizen
26%
57k Kampen
26%
67k Katwijk
26%
47k Noordwijk
26%
59k Pijnacker-Nootdorp
26%
62k Rijswijk
26%
52k Waalwijk
26%
43k Wageningen
26%
45k Zwijndrecht
26%
49k Barendrecht
22%
43k Beverwijk
22%
92k Dijk en Waard (Heerhugowaard)
22%
51k Harderwijk
22%
69k Nieuwegein
22%
46k Nijkerk
22%
48k Ridderkerk
22%
70k Capelle aan den IJssel
17%
46k Etten-Leur
17%
67k Lansingerland (Berkel en Rodenrijs)
17%
79k Leidschendam-Voorburg
17%
60k Maashorst (Uden)
17%
48k Soest
17%
42k Tiel
17%
48k Veldhoven
17%
70k Velsen
17%
75k Voorne aan Zee (Hellevoetsluis)
17%
64k Barneveld
13%
59k Oosterhout
13%
49k Schagen
13%
71k Veenendaal
13%
64k Hardenberg
9%
51k Houten
9%
46k Medemblik
9%
46k Zevenaar
9%
44k de Bilt
4%
85k Meierijstad (Veghel)
4%
66k Stichtse Vecht (Maarssen)
4%
42k Wijchen
4%
No matching quizzes found
Score Distribution
Percent of People with Each Score
Percentile by Number Answered
Your Score History
You have not taken this quiz since the last reset